Normal view
MARC view
- Arshad, Nauman
Entry Personal Name
001 - CONTROL NUMBER
- control field: 122988
003 - CONTROL NUMBER IDENTIFIER
- control field: NUST
005 - DATE AND TIME OF LATEST TRANSACTION
- control field: 20240528155510.0
008 - FIXED-LENGTH DATA ELEMENTS
- fixed length control field: 240528|| aca||aabn | a|a d
040 ## - CATALOGING SOURCE
- Original cataloging agency: NUST
- Transcribing agency: NUST
100 ## - HEADING--PERSONAL NAME
- Personal name: Arshad, Nauman
670 ## - SOURCE DATA FOUND
- Source citation: Work cat.: (NUST): Arshad, Nauman, BENCHMARKING OF IMPORT CLEARANCE PROCESS OF US AND PAKISTAN TO FIND POTENTIAL IMPROVEMENTS/
